00706nam a2200193 i 450000100060000000300090000600500170001500700030003200800410003511000390007624500730011526000820018830000280027050500490029865000620034770000290040971000500043885200240048860568ES-MaACL20230906164247.0t|031105s1984 sp c |||| | spa d2 aMuseo de Bellas Artes de Valencia.10aCatálogo de dibujos II b: siglo XVIII / cAdela Espinós Díaz. a[Madrid] : bMinisterio de Cultura, Subdirección General de Museos,c[1984] a1 t. en 3 v. ; c24 cm.8 aContiene: I: A-U - II: V-Z - III: Anónimos 4aDibujo-zMuseo de Bellas Artes de Valencia-vCatálogos.1 aEspinós Díaz, Adela.1 aEspaña. bSubdirección General de Museos. aES-MaACLjL-7097-99